00669 2200241 4500001002300000005001700023006001900040008004100059035002500100040001200125082001400137084001400151090002400165100003300189245005800222260004400280300003000324850001500354990001100369990001100380990001100391990002500402NBPULOB00000000001092520140716110606.0a ||| | 161121| ||| |  a0010-071400000001331 aNPBULOB0 a398.Rah.c a398.Rah.c a300/Ruang Baca Anak0 aMb. Rahimsyah & Irsyadu Anam00aCerita Rakyat Kaliantan Timur ( Asal Mula Balipapan ) aSurabayabMitra Cendekia Surabayac2007 a64 HalmbIlusc20 x 15 cm aKPAD Lobar a12.539 a12.540 a12.541 a12.542 / Sumb / 2007